000 00610nam a2200205Ii 4500
003 JO-AjNU
008 230605s9999||||xx |||||||||||||| ||und||
017 _a1980/1392
040 _aJO-AjNU
_bara
_erda
_cJO-AjNU
041 _aara
050 1 4 _aP306 .T87 1980
100 3 _aتاليف الواسطي، سلمان...وآخرون,
_eauthor
_939549
245 0 0 _aالترجمة التحريرية
264 3 1 _aبغداد: د.ن، 1980
300 _a372ص
336 _atext
_btxt
_2rdacontent
337 _aunmediated
_bn
_2rdamedia
338 _avolume
_bnc
_2rdacarrier
650 4 _aالترجمة
_939550
999 _aA16712
_c20280
_d20280